Quick Pick: American Olympic Cities Quiz Stats

 Plays Quiz Updated Feb 25, 2018

Score 0/6 Timer 01:00
1 Play Today
% Correct
Atlanta
97.7%
Salt Lake City
96.8%
Los Angeles
96.4%
Lake Placid
93.2%
St. Louis
76.4%
Squaw Valley
69.5%

Today's Daily Dose

You're not logged in!

Compare scores with friends on all Sporcle quizzes.
OR
Log In

Show Comments

Extras

Top Quizzes Today


Score Distribution

Your Account Isn't Verified!

In order to create a playlist on Sporcle, you need to verify the email address you used during registration. Go to your Sporcle Settings to finish the process.

Report this User

Report this user for behavior that violates our Community Guidelines.

Details: